Turmoil in U.S. credit markets : examining the U.S. regulatory framework for assessing sovereign investments : hearing before the Committee on Banking, Housing, and Urban Affairs, United States Senate, One Hundred Tenth Congress, second session, on examining the U.S. regulatory framework for assessing sovereign investments, Thursday, April 24, 2008.

Bibliographic Details
Corporate Author: United States. Congress. Senate. Committee on Banking, Housing, and Urban Affairs
Format: Government Document eBook
Language:English
Published: Washington : U.S. G.P.O., 2010.
Series:S. hrg. ; 110-980
Subjects:
Online Access:Electronic resource (PDF)

MARC

Tag First Indicator Second Indicator Subfields
LEADER 00000cam a22000001a 4500
001 in00004100771
005 20200117091237.0
006 m d f
007 cr bn mmmapmmp
008 100823s2010 dcu ob f000 0 eng d
035 |a chdc201001105 
040 |a UMI  |c UMI  |d UtOrBLW 
042 |a pcc 
043 |a n-us--- 
074 |a 1035-C 
086 0 |a Y 4.B 22/3:S.HRG.110-980 
110 1 |a United States.  |b Congress.  |b Senate.  |b Committee on Banking, Housing, and Urban Affairs.  |0 http://id.loc.gov/authorities/names/n81033403 
245 1 0 |a Turmoil in U.S. credit markets :  |b examining the U.S. regulatory framework for assessing sovereign investments : hearing before the Committee on Banking, Housing, and Urban Affairs, United States Senate, One Hundred Tenth Congress, second session, on examining the U.S. regulatory framework for assessing sovereign investments, Thursday, April 24, 2008. 
246 3 |a Turmoil in US credit markets 
264 1 |a Washington :  |b U.S. G.P.O.,  |c 2010. 
264 2 |a Washington :  |b For sale by the Supt. of Docs., U.S. G.P.O. 
300 |a iii, 160 pages, digital, PDF file. 
336 |a text  |b txt  |2 rdacontent 
337 |a computer  |b c  |2 rdamedia 
338 |a online resource  |b cr  |2 rdacarrier 
490 1 |a S. hrg. ;  |v 110-980 
500 |a Shipping list number: 2010-0195-P. 
504 |a Includes bibliographical references. 
500 |a Record is based on bibliographic data in ProQuest Congressional Hearings Digital Collection. Reuse except for individual research requires license from ProQuest, LLC. 
500 |a Electronic resource. 
533 |a Electronic reproduction.  |b [Bethesda, Md.] :  |c ProQuest,  |d 2010.  |e digital, PDF file.  |n ProQuest U.S. Congressional Hearings Digital Collection.  |n Mode of access: World Wide Web via ProQuest website. 
538 |a System requirements: PDF reader software. 
650 0 |a Sovereign wealth funds.  |0 http://id.loc.gov/authorities/subjects/sh2009000484 
650 0 |a Investments, Foreign  |x Law and legislation  |z United States.  |0 http://id.loc.gov/authorities/subjects/sh2008104901 
650 0 |a National security  |x Law and legislation  |z United States.  |0 http://id.loc.gov/authorities/subjects/sh2008108245 
776 0 8 |i Print version:   |a United States. Congress. Senate. Committee on Banking, Housing, and Urban Affairs.  |t Turmoil in U.S. credit markets  |w 9780160855368  |w 0160855365  |w (OCoLC)611612463  |z 2010478468 
776 0 8 |i Microfiche version:   |a United States. Congress. Senate. Committee on Banking, Housing, and Urban Affairs.  |t Turmoil in U.S. credit markets  |d [Bethesda, Md.] : ProQuest,[2010]  |o CIS 2010 S241-91  |w (ProQuest)cis01002801  
810 1 |a United States.  |b Congress.  |b Senate.  |t S. hrg. ;  |v 110-980.  |0 http://id.loc.gov/authorities/names/n83707917 
856 4 0 |u http://proxy.library.tamu.edu/login?url=http://search.proquest.com/congcomp/getdoc?HEARING-ID=HRG-2008-BHU-0026  |y Electronic resource (PDF)  |t 0 
998 |a cis01002801  
999 f f |s 31207790-cf34-3fa9-bffb-f6c15cb48de5  |i 026e3eca-6daa-304e-87fb-254b56f85e5f  |t 0 
952 f f |a Texas A&M University  |b College Station  |c Electronic Resources  |d Available Online  |t 0  |e Y 4.B 22/3:S.HRG.110-980  |h Superintendent of Documents classification 
998 f f |a Y 4.B 22/3:S.HRG.110-980  |t 0  |l Available Online